Joueurs les plus chers par club de Ligue 1 - Statistiques

Statistiques générales
  • Ce quiz a été pris 426 fois
    12 depuis la dernière actualisation
  • Le résultat moyen est 10 sur 18
Statistiques - réponses
CLUB POSTE NATIONALITÉ VALEUR JOUEUR % Correct
Olympique Lyonnais ATT Brésil 35M€ Endrick
100%
Stade Rennais FC DEF France 55M€ Jérémy Jacquet
100%
Paris Saint-Germain MIL / MIL Portugal / Portugal 110M€ João Neves / Vitinha
100%
AS Monaco ATT France 50M€ Maghnes Akliouche
100%
Olympique de Marseille ATT Angleterre 55M€ Mason Greenwood
100%
RC Strasbourg Alsace MIL / ATT Argentine / Argentine 35M€ Valentín Barco / Joaquín Panichelli
100%
Lille OSC MIL Maroc 50M€ Ayyoub Bouaddi
82%
Toulouse FC DEF Angleterre 25M€ Charlie Cresswell
73%
RC Lens MIL Mali 30M€ Mamadou Sangaré
55%
Stade Brestois 29 MIL Mali 9M€ Kamory Doumbia
45%
Le Havre AC DEF Sénégal 8M€ Arouna Sangante
36%
OGC Nice ATT France 15M€ Mohamed-Ali Cho
36%
FC Nantes DEF France 25M€ Tylel Tati
27%
FC Lorient MIL Cameroun 15M€ Arthur Avom
18%
AJ Auxerre DEF France 12M€ Kévin Danois
9%
Angers SCO ATT France 15M€ Prosper Peter
9%
Paris FC MIL France 15M€ Rudy Matondo
9%
FC Metz MIL France 10M€ Believe Munongo
0%
Aucun quiz correspondant
Distribution des résultats
% des personnes avec chaque résultat
Percentile par nombre de réponses
Votre historique - résultats
Vous n’avez pas pris ce quiz depuis la dernière actualisation